Hidden treasures of the Egyptian Museum : one hundred masterpieces from the centennial exhibition /

Saved in:

Main Author: Hawass, Zahi A. (Author)

Corporate Author: Majlis al-Aʿlá lil-Āthār (Egypt).

Other Authors: Garrett, Kenneth., Hosny, Farouk.

Format: Book

Language: English

Published: Cairo ; New York : American University in Cairo Press, 2002.

Subjects:

Tags: Add Tag

No Tags, Be the first to tag this record!

Call Number: DT59 .C243 H39 2002

LEADER 01050namaa2200289 4500
001 6314
003 OSt
005 20260517044314.0
008 130303s2002 ua a c 000 0 eng d
015 |a GBA3-85584 
020 |a 9774247787 
040 |c ARCE Library 
050 4 |a DT59 .C243 H39 2002 
100 1 |a Hawass, Zahi A.,  |e author 
245 1 0 |a Hidden treasures of the Egyptian Museum :  |b one hundred masterpieces from the centennial exhibition /  |c Zahi Hawass ; photographs by Kenneth Garrett ; with a foreword by Farouk Hosni. 
264 1 |a Cairo ;  |a New York :  |b American University in Cairo Press,  |c 2002. 
300 |a xxix, 82 pages :  |b color illustrations ;  |c 28 cm. 
500 |a "A Supreme Council of Antiquities Edition." 
610 2 0 |a Matḥaf al-Miṣrī  |v Exhibitions. 
650 |a Art, Egyptian   |v Exhibitions. 
651 0 |a Egypt  |x Antiquities  |v Exhibitions. 
700 1 |a Garrett, Kenneth. 
700 1 |a Hosny, Farouk.  |9 32284 
710 2 |a Majlis al-Aʿlá lil-Āthār (Egypt). 
901 |a reviewed 
942 |c BK  |2 lcc 
999 |c 8387  |d 8387